Statistics for Marvel Villains Starting with F (by picture)

Click here to take the quiz!

General Stats

  • This quiz has been taken 19 times
  • The average score is 4 of 9

Answer Stats

Answer% Correct
Fin Fang Foom
100%
Fenris
86%
Flying Tiger
50%
Firebrand
43%
Flag-Smasher
43%
Fancy Dan
36%
Fury
21%
Falcona
14%
Fantasma
14%

Score Distribution

Percentile by Number Answered

Percent of People with Each Score

Your Score History

You have not taken this quiz